La Garanta̕ de indemnidad del trabajador frente a represalias empresariales

Bibliographic Details
Main Author: ℓlvarez Alonso, Diego
Format: Book
Language:Spanish
Published: Albacete : Bomarzo, 2005
Series:Estudios (Bomarzo)
Subjects:
Online Access:Acceso restringido

MARC

LEADER 00000nam a2200000 a 4500
005 20120926174822.0
007 cr|||| ||||
008 051027s2005 sp |||||| 000 ||spa|c
017 |a DL AB. 299-2005 
020 |a 8486977711 
035 |a 6719 
040 |a vLex 
090 |c 3476  |d 3476 
100 1 |a ℓlvarez Alonso, Diego 
245 1 3 |a La Garanta̕ de indemnidad del trabajador frente a represalias empresariales   |h [Recurso electrn̤ico] /  |c Diego ℓlvarez Alonso 
256 |a Servicio en ln̕ea 
260 |a Albacete :  |b Bomarzo,  |c 2005 
300 |a 1 recurso electrn̤ico 
490 1 |a Estudios 
504 |a Bibliogr.: p. 139-149 
506 1 |a Contenido solo disponible en los productos indicados  |d vLex Global   |d vLex Global (Academic Edition, excluding Law Schools)   |d vLex Global (U.S. Academic Edition, Law Schools)   |d vLex Global (U.S. Academic Edition, excluding Law Schools)   |d vLex Global (Academic Edition, Law Schools)  
650 0 4 |a Derecho de los trabajadores  |z Espaą 
650 0 4 |a Patrones y trabajadores  |x Derecho  |z Espaą 
740 0 |a vLex Libros (Servicio en ln̕ea) 
830 0 |a Estudios (Bomarzo) 
856 4 0 |u http://vlex.com/source/garantia-indemnidad-trabajador-frente-presalias-empresariales-6719  |z Acceso restringido 
942 |c BOOK 
999 0 |a Employee rights